| 000 | 00606nam a2200145Ia 4500 | ||
|---|---|---|---|
| 008 | 170221s9999 xx 000 0 und d | ||
| 100 | _aMarina V. Verkhovskaya | ||
| 245 | _aParticularities of the Implement of Quality Management System Based on the Requirements of the ISO 9001 in the Telecommunications Companies | ||
| 245 | _cMarina V. Verkhovskaya, Ekaterina V. Men’shikova, Oleg V. Khazanov | ||
| 260 | _bInternational Review of Management and Marketing | ||
| 260 | _cDecember 2013 | ||
| 300 | _a5:2 | ||
| 650 | _xMarketing. | ||
| 856 | _uhttp://www.econjournals.com/index.php/irmm/issue/view/82 | ||
| 999 |
_c310296 _d310296 |
||